Sports Quiz

Random Sports or Clickable Quiz

WWE Name Match: Royal Rumble 80s & 90s Quiz Stats

 Plays Quiz not verified by Sporcle

Score 0/100 Timer 10:00
0 Plays Today
% Correct
Andre
92.1%
Hulk
91.1%
British
91.1%
Bam Bam
90.7%
Bret
89.2%
Big
89.2%
Brutus
89%
Roddy
88.6%
Bob
88.6%
King Kong
88.6%
Cactus
88.2%
Lex
88%
Vince
88%
Bad News
87.8%
Sgt.
87.8%
Randy
87.6%
Arn
87.4%
Dusty
87.4%
Billy
87.2%
Ultimate
87%
Junkyard
87%
Mr.
86.8%
Koko
86.8%
Jerry
86.6%
Owen
86.6%
Big
86.2%
Hunter
86%
Steve
86%
Shawn
85.8%
Ted
85.8%
Val
85.8%
Marty
85%
Al
85%
Jake
84.8%
% Correct
Rick
84.8%
Ric
84.8%
Jeff
84.8%
Nikolai
84.3%
Dino
84.3%
D-Lo
84.3%
Jimmy
84.1%
Jim
83.9%
Texas
83.9%
Hillbilly
83.5%
Ahmed
83.5%
Ken
83.3%
Jim
83.1%
Scott
83.1%
Dude
83.1%
Bart
82.9%
Harley
82.7%
Adam
82.7%
Road
82.7%
One Man
82.5%
Greg
82.5%
Rocky
82.3%
Tito
81.9%
Terry
81.5%
Mark
81.3%
Papa
81.1%
Red
80.3%
Rick
79.7%
Rick
79.7%
Steve
79.7%
Savio
79.3%
Bob
79.1%
Isaac
79.1%
Sid
78.9%
% Correct
Marc
78.7%
Henry
77.8%
Tully
77.2%
Don
77%
Brian
76.4%
Shane
76.2%
Barry
75.8%
Dory
75.8%
Carlos
75.6%
Butch
74.4%
Phineas
74.2%
B. Brian
73.6%
Boris
73.6%
Flash
73.6%
Jerry
73.4%
Tiger Ali
73.4%
Paul
73.2%
Mil
73%
Dan
72.6%
Damien
71.3%
Dick
71.1%
Danny
70.9%
Max
70.7%
Saba
70.1%
Ronnie
69.1%
Ron
68.9%
Genichiro
68.9%
The Great
67.9%
Jim
67.7%
Sam
65%
Doug
61.2%
Tom
61.2%

You're not logged in!

Compare scores with friends on all Sporcle quizzes.
OR
Log In

You Might Also Like...

Show Comments

Extras

Top Quizzes Today


Score Distribution

Your Account Isn't Verified!

In order to create a playlist on Sporcle, you need to verify the email address you used during registration. Go to your Sporcle Settings to finish the process.

Report this User

Report this user for behavior that violates our Community Guidelines.

Details: